Recursos procesales civiles: recursos de reposición, aclaración, rectificación, queja, apelación, hecho y casación

Na minha lista:
Detalhes bibliográficos
Autor principal: Oberg Yáñez, Héctor (autor)
Outros Autores: Manso Villalón, Macarena Victoria (autora)
Formato: Livro
Idioma:espanhol
Publicado em: Santiago Legal Publishing 2009
Edição:4a. ed
Assuntos:
Tags: Adicionar Tag
Sem tags, seja o primeiro a adicionar uma tag!

MARC

LEADER 00000nam a2200000 a 4500
001 UCH3617
003 CL-VaPUC
008 090813e20090000CL |||||||||||||||||spa|d
020 |a 9789562387484 
082 0 4 |a 347.83077  |b OBE  |2 21 
100 |a Oberg Yáñez, Héctor  |e autor  |9 539071 
700 |a Manso Villalón, Macarena Victoria  |e autora  |9 779328 
245 1 0 |a Recursos procesales civiles: recursos de reposición, aclaración, rectificación, queja, apelación, hecho y casación 
250 |a 4a. ed 
300 |a 122 p 
942 |c BK 
945 |d 20090813 00:00:00  |a rbrito 
260 |a Santiago  |b Legal Publishing  |c 2009 
650 0 |a Recursos procesales  |9 255595 
650 0 |a Derecho procesal penal  |9 255496 
650 0 |a Derecho procesal penal  |9 255496 
650 7 |a RECURSOS DE REPOSICION  |2 CL-VaPUC  |9 539073 
650 7 |a RECURSO DE ACLARACION  |2 CL-VaPUC  |9 385106 
650 7 |a RECURSO DE QUEJA  |2 CL-VaPUC  |9 371878 
650 0 |a Recurso de casación  |9 258890 
650 0 |a Recurso de apelación  |9 380716 
583 |a last modification  |c 20090813 00:00:00  |k Rodrigo Vera 
999 |c 335100  |d 335098 
952 |0 0  |1 0  |4 0  |6 347_830770000000000_OBE_2009  |7 0  |8 A  |9 424677  |a BIBDER  |b BIBDER  |d 2019-11-22  |i 4586921  |l 2  |o 347.83077 OBE 2009  |p 4586921  |r 2023-01-25  |s 2022-06-29  |w 2019-11-22  |y BK  |k DER 
952 |0 0  |1 0  |4 0  |6 347_830770000000000_OBE_2009  |7 0  |8 A  |9 424678  |a BIBDER  |b BIBDER  |d 2019-11-22  |i 458693K  |l 4  |o 347.83077 OBE 2009  |p 458693K  |r 2023-01-25  |s 2022-06-28  |w 2019-11-22  |y BK  |k DER